00680nam a22002057a 450000500170000001000150001702000260003203500140005803700090007208200090008110000230009024500390011325000060015226000340015827000700019230000200026294200200028299900190030295201530032120260514113459.0 aENG-148471 a9789392210426c595.00 aEN-132003 bDBAD aS21 aTe Lawrence989091 aRevolt in the Desert/cTe Lawrence a1 aChandigarhbThe Browserc2024 bChandigarhaSCO 14-15, Sector 8-Ce160009mservice@thebrowser.org a409p.c21cm(pb) 2ddccENhSmLAW c216176d216176 001040718FICaDBADbDBADd2026-05-14eDelivery of Books Act Divisiong595.00l0oS LAWpEN-132003r2026-05-14 11:35:34t1v595.00w2026-05-14yEN